00506nam a2200181 a 450000100060000000300090000600800410001502000150005604000280007108200170009910000260011624500530014226000400019530000110023565000190024665000330026565000260029817981CO-ViMGA141112s2004 ck r 000 u spa d a8478272283 aCO-ViMGAbspacCO-ViMGA04a370.11 V151v1 aAlvarez, Maria Nieves10aValores y temas transversales en el currículum aCaracas (Venezuela), cGrao, c2000 a166.p.14aPSICOPEDAGOGIA14aSOCIOLOGIA DE LA educación14aVALORES - educación